Statistics for Medicine and Anatomy by Letter - F

Click here to take the quiz!

General Stats

  • This quiz has been taken 2,461 times
  • The average score is 16 of 20

Answer Stats

HintAnswer% Correct
The thigh bone; the strongest and longest bone in the human bodyFemur
99%
The term for an unborn human from 9 weeks after fertilization until birthFetus
98%
An elevation of body temperature, often due to infectionFever
97%
Comes in index, middle, ring and little variantsFinger
96%
The largest lobe of the brain, performs tasks such as movement and emotional expression{Frontal} lobe
94%
The part of the body where you may find the tarsal and metatarsal bonesFoot
93%
The branches of the uterus that an egg cell travels to from ovary to uterusFallopian Tubes
89%
The group of organisms that causes diseases like athlete's foot and yeast infectionsFungi
89%
The process of the fusion of a sperm cell with an egg cellFertilization
85%
An energy-rich nutrient stored in adipose tissue, but storing too much of it is unhealthyFat
83%
The undigested remains of food and bacteria that pass out of the rectumFeces
80%
Part of the body where you can find the radius, ulna, and muscles controlling your handsForearm
79%
Condition where low temperatures cause freezing of the skin on hands, toes or faceFrostbite
76%
The calf bone; a slender long bone in the lower legFibula
75%
A large artery in the thigh that supplies blood to the thigh and leg{Femoral} artery
71%
A tiny parasitic insect that can carry diseases, such as the bubonic plagueFlea
71%
Doctor whose accidental discovery of penicillin earned him a Nobel prizeAlexander Fleming
60%
A dietary supplement and essential vitamin often prescribed to pregnant womenFolate
57%
Numbered from I to XII, these proteins and their interaction play a role in blood clottingCoagulation {factors}
53%
The rapid and irregular contraction of muscle, such as in the atria of the heartFibrillation
51%

Score Distribution

Percentile by Number Answered

Percent of People with Each Score

Your Score History

You have not taken this quiz